00819nam a2200229 a 450000100100000000500170001000800410002704000250006808200190009310000300011224500620014226000630020430000270026750400500029459000260034465000340037065000230040465000220042704900090044995201160045899900150057400000783920200929154321.0090911s1956 dr a 001 0 spa d aDO-SdBNPbspacBNPHU a617.645bG216c1 aGarcía Godoy, F.92158210aCompendio de odontología infantil /cF. García Godoy. aCiudad Trujillo, República Dominicana :b[s. n.],c1956. a152 p. :bil ;c22 cm. aIncluye referencias bibliográficas [p. 141] aEjemplar autografiado 4aOdontología infantil921583 4aDentición921584 4aGingivitis921585 aBNPD 0010718PDaPDbPDcCTd2009-09-11iLF1l0o617.645 G216cp7839-10r2020-06-25w2020-06-25yLFPDZNo se presta c7617d7617